| 000 | 00500nam a2200181 i 4500 | ||
|---|---|---|---|
| 001 | 140827 | ||
| 003 | ES-MaACL | ||
| 005 | 20240516063055.0 | ||
| 007 | t| | ||
| 008 | 070917s1922 fr ||||1| fre d | ||
| 100 | 0 |
_aWells, H. G., _d1866-1946 _9116458 |
|
| 245 | 1 | 0 |
_aKipps / _cH. G. Wells ; traduction de L. Wolff. |
| 260 |
_aParis : _bE. Grevin, _c1922. |
||
| 300 |
_a502 p. ; _c19 cm. |
||
| 700 | 1 |
_aWolff, L. _9117257 |
|
| 852 |
_aES-MaACL _jF-12997 |
||
| 999 |
_c140827 _d140827 |
||